Zeitschrift für Völkerpsychologie und Sprachwissenschaft. / (Record no. 2406)

MARC details
000 -LEADER
campo de control de longitud fija 00791nas a2200253 i 4500
001 - NÚMERO DE CONTROL
campo de control 2406
003 - IDENTIFICADOR DE NÚMERO DE CONTROL
campo de control ES-MaACL
005 - FECHA Y HORA DE LA ÚLTIMA TRANSACCIÓN
campo de control 20251124151618.0
007 - CAMPO FIJO DE DESCRIPCIÓN FÍSICA--INFORMACIÓN GENERAL
campo de control de longitud fija t|
008 - DATOS DE LONGITUD FIJA--INFORMACIÓN GENERAL
campo de control de longitud fija 950801d18601890gw | | 1 ||er d
080 ## - NÚMERO DE LA CLASIFICACIÓN DECIMAL UNIVERSAL
Número de la Clasificación Decimal Universal 159.9
245 00 - MENCIÓN DEL TÍTULO
Título Zeitschrift für Völkerpsychologie und Sprachwissenschaft. /
Mención de responsabilidad, etc. herausgegeben von M. Lazarus und H. Steinthal.
260 ## - PUBLICACIÓN, DISTRIBUCIÓN, ETC.
Lugar de publicación, distribución, etc. Berlin :
Nombre del editor, distribuidor, etc. Ferd. Dümmler,
Fecha de publicación, distribución, etc. 1860-1890 (
Fabricante A.W. Schade)
300 ## - DESCRIPCIÓN FÍSICA
Extensión 14 v. ;
Dimensiones 23 cm.
310 ## - PERIODICIDAD ACTUAL
Periodicidad actual Irregular
362 0# - FECHAS DE PUBLICACIÓN Y/O DESIGNACIÓN SECUENCIAL
Fecha de publicación y/o designación secuencial 1. Bd. (1860)-20. Bd. (1890)
650 17 - PUNTO DE ACCESO ADICIONAL DE MATERIA--TÉRMINO DE MATERIA
Término de materia o nombre geográfico como elemento de entrada Filosofía
Fuente del encabezamiento o término embne
9 (RLIN) 12802
650 17 - PUNTO DE ACCESO ADICIONAL DE MATERIA--TÉRMINO DE MATERIA
Término de materia o nombre geográfico como elemento de entrada Psicología
Fuente del encabezamiento o término embne
9 (RLIN) 16540
700 1# - ENTRADA AGREGADA--NOMBRE PERSONAL
Nombre de persona Lazarus, Moritz,
Fechas asociadas al nombre 1824-1903
9 (RLIN) 70814
700 1# - ENTRADA AGREGADA--NOMBRE PERSONAL
Nombre de persona Steinthal, Heymann (
Fechas asociadas al nombre 1823-1899)
9 (RLIN) 132894
852 ## - LOCALIZACIÓN
Ubicación ES-MaACL
Número de control de estantería Hem-351
866 #0 - MENCIÓN TEXTUAL DE FONDOS--UNIDAD BIBLIOGRÁFICA BÁSICA
Fondos 1860-83.
Holdings
Estatus retirado Estado de pérdida Estado de daño No para préstamo Colección Biblioteca de origen Biblioteca actual Ubicación en estantería Fecha de adquisición Fuente de adquisición Total de préstamos Signatura topográfica completa Código de barras Visto por última vez Precio de reemplazo Tipo de ítem Koha
        Periódicos y Revistas Biblioteca del Ateneo de Madrid Biblioteca del Ateneo de Madrid Depósito 1 17/01/2008     Hem-351 1002447 23/02/2023 23/02/2023 Revista